000
00317nam a22001337a 4500
008
180919b xxu||||| |||| 00| 0 eng d
020
_a
9781582700670
041
_a
eng
080
_a
370
100
_a
47
101
_a
EDU
245
_a
Generation Fix Young Ideas For Better World
_c
Rusch.E
942
_2
udc
_c
BK
999
_c
47972
_d
47972